Полвека КПК и предательство Мао Цзе - Дуна (Запис № 442967)

МАРК-запис
000 -Лідер
fixed length control field 00553nam a22002057a 4500
003 - Ідентифікатор контрольного номера
control field UA-OsUOA
005 - Дата та час останнього входження (трансакції)
control field 20191126102921.0
008 - Елементи даних фіксованої довжини – загальна інформація
fixed length control field 191126b un ||||| |||| 00| 0 ukr d
040 ## - Джерело каталогізації
Агенція оригінальної каталогізації UA-OsUOA
Мова каталогізації ukr
Агенція, яка здійснювала перезапис UA-OsUOA
Агенція, яка здійснювала модифікацію UA-OsUOA
041 ## - Код мови
Код мови тексту/ звукової доріжки чи окремого заголовка (П) ukr
080 ## - Індекс Універсальної десяткової класифікації
Індекс Універсальної десяткової класифікації (УДК) (НП) 929
090 ## - Локальний шифр розміщення
Класифікаційний індекс УДК 929
Авторський знак (НП) М97
100 ## - Основне введення – ім’я особи
Ім’я особи (НП) Мин В
245 ## - Відомості про назву
Назва (НП) Полвека КПК и предательство Мао Цзе - Дуна
Дані про відповідальність (НП) Ван Мин
260 ## - Публікація, розповсюдження і т.п. (Вихідні дані)
Місце публікації, розповсюдження і т.п. (П) Москва
Ім’я/ наймення видавництва, розповсюджувача і т.п. (П) Политиздат
Дата публікації, розповсюдження і т.п. (П) 1975
300 ## - Фізичний опис
Обсяг 311 с.
650 ## - Додаткове предметне введення – тематичний термін
Тематичний термін чи географічна назва, як елемент введення (НП) 929
942 ## - Додаткові елементи входу (Коха)
Source of classification or shelving scheme Universal Decimal Classification
Тип елемента Koha Книги
955 ## - Код типу видання за змістом
Код типу видання за змістом (НП) Наукові видання
Фонди
Стан вилучень Стан втрат Джерело класифікації або схеми стелажів Стан уражень Не для кредиту Постійне місце розташування Поточне розміщення Дата придбання Інвентарний номер Усього замовленно Повний номер виклику Штрих-код Дата останнього перегляду Ціна ефективна від Тип елемента Koha
    Universal Decimal Classification     АБ - Абонемент НБ АБ - Абонемент НБ 26/11/2010 28179   929 М97 28179 24/05/2022 26/11/2019 Книги